Spôsoby presadenia sa v online svete

Reklamné kampane na internete a jej nástroje internetového mixu. Dôležité cielenie a plánovanie. Formy reklamnej kampane na internete. Výhody PPC (pay per click) odkazov. Marketing pre vyhľadávače. Microsite. E-mailing. PR na internete. Hry a zábava. Predaj na internete.

Salvato in:
Dettagli Bibliografici
Autore principale: Červenka, Peter, 1976-
Natura: Capitolo di libro
Lingua:slovacco
Soggetti:
Tags: Aggiungi Tag
Nessun Tag, puoi essere il primo ad aggiungerne!!

MARC

LEADER 00000nla$a2200000$$$4500
001 0101458
005 20240502072116.3
041 0 |a slo 
044 |a SK 
245 1 0 |a Spôsoby presadenia sa v online svete  |c Peter Červenka 
520 |a Reklamné kampane na internete a jej nástroje internetového mixu. Dôležité cielenie a plánovanie. Formy reklamnej kampane na internete. Výhody PPC (pay per click) odkazov. Marketing pre vyhľadávače. Microsite. E-mailing. PR na internete. Hry a zábava. Predaj na internete. 
610 2 0 |a počítače 
610 2 0 |a internet 
610 2 0 |a marketing 
610 2 0 |a kampane reklamné 
610 2 0 |a reklama 
610 2 0 |a pošta elektronická 
610 2 0 |a hry 
610 2 0 |a práca s verejnosťou 
610 2 0 |a predaj 
100 1 |a Červenka, Peter, 1976-